Evénements du 20 juillet - Statistiques

Statistiques générales
  • Ce quiz a été pris 24 fois
  • Le résultat moyen est 7 sur 15
Statistiques - réponses
Hint Réponse % Correct
1er alunissage avec Apollo 11 1969
100%
Fin de la guerre d'Indochine 1954
95%
Mort de Robert II le Pieux 1031
85%
Réintégration d'Alfred Dreyfus 1906
70%
Union des royaumes de Suède, Norvège et du Danemark 1397
50%
Naissance du compositeur Déodat de Séverac 1872
50%
Complot contre Adolf Hitler ET Naissance du navigateur Olivier de Kersauson 1944
50%
Naissance de l'aviateur Santos-Dumont 1873
40%
Naissance de l'humoriste Francis Blanche 1921
40%
Mort du pape Léon XIII 1903
30%
Naissance de Jacques Delors 1925
30%
Assassinat d'Abdallah 1er de Jordanie 1951
30%
Naissance du journaliste Yves Mourousi 1942
25%
Naissance de l'actrice Nathalie Wood 1938
20%
Mort de Pancho Villa 1923
15%
Aucun quiz correspondant
Distribution des résultats
% des personnes avec chaque résultat
Percentile par nombre de réponses
Votre historique - résultats
Vous n’avez pas pris ce quiz